000 00715nam a2200253Ia 4500
003 OSt
005 20221005083609.0
006 a|||||r|||| 00| 0
007 ta
008 221004b |||||||| |||| 00| 0 eng d
020 _a9780670085736 (hbk)
024 _a26277
037 _bGift, 29/04/2016,
_cTextual
040 _aCRL
_cCRL
_beng
041 _2eng
_aeng
082 _aV688.N, Q2
100 _aMadanjeet Singh
_9408207
245 0 _aCulture of the sepulchre
_b Idi amin's monster regime
260 _aNew Delhi
_bViking India
_c2012
300 _a237p.
_ccm.
650 _aHISTORY
942 _hV688.N, Q2
_cTEXL
_2cc
999 _c991249
_d991249